Statistiques concernant Groupes géographiques de quatre n° 1

Cliquez ici pour prendre le quiz!

Statistiques générales

  • Ce quiz a été pris 414 fois
  • Le résultat moyen est 27 sur 48

Statistiques - réponses

réponse% Correct
Capitales des pays du Royaume-UniLondres
99%
Capitales sur le DanubeVienne
97%
Pays majoritairement germanophonesAllemagne
96%
Pays commençant par VVenezuela
91%
Mers sur les rivages de la TurquieMéditerranée
89%
Mers qui bordent la plupart des paysMéditerranée
88%
Capitales des pays du Royaume-UniÉdimbourg
87%
Pays majoritairement germanophonesSuisse
87%
Mers sur les rivages de la TurquieNoire
85%
Nations insulaires européennesMalte
83%
Pays majoritairement germanophonesAutriche
82%
Pays commençant par VVatican
81%
Nations insulaires européennesIslande
77%
Pays commençant par VVanuatu
77%
Capitales sur le DanubeBudapest
75%
Départements de BretagneFinistère
74%
Nations insulaires européennesIrlande
74%
Nations insulaires européennesRoyaume-Uni
74%
Capitales des pays du Royaume-UniBelfast
71%
Capitales des pays du Royaume-UniCardiff
69%
Pays majoritairement germanophonesLiechtenstein
67%
Départements de BretagneMorbihan
64%
Principales religions d'origine indiennehindouisme
62%
Mers sur les rivages de la TurquieÉgée
61%
Fleuves qui se jettent dans le golfe de GascogneGaronne
61%
Pays commençant par VViêt Nam
60%
Départements de BretagneCôtes-d'Armor
59%
Départements de BretagneIlle-et-Vilaine
58%
Principales religions d'origine indiennebouddhisme
55%
Vallées fluviales avec une civilisation en 3000 av. JCNil
54%
Vallées fluviales avec une civilisation en 3000 av. JCTigre / Euphrate
52%
Capitales sur le DanubeBratislava
49%
Capitales sur le DanubeBelgrade
45%
Fleuves qui se jettent dans le golfe de GascogneLoire
43%
Provinces atlantiques du Canada Terre-Neuve-et-Labrador
33%
Mers sur les rivages de la TurquieMarmara
29%
Mers qui bordent la plupart des paysCaraïbes
27%
Mers qui bordent la plupart des paysBaltique
26%
Fleuves qui se jettent dans le golfe de GascogneDordogne
26%
Provinces atlantiques du CanadaNouveau-Brunswick
20%
Provinces atlantiques du CanadaNouvelle-Écosse
20%
Provinces atlantiques du CanadaÎle-du-Prince-Édouard
19%
Vallées fluviales avec une civilisation en 3000 av. JCIndus
17%
Fleuves qui se jettent dans le golfe de GascogneCharente
16%
Vallées fluviales avec une civilisation en 3000 av. JC Jaune
16%
Principales religions d'origine indiennesikhisme
15%
Mers qui bordent la plupart des paysChine méridionale
11%
Principales religions d'origine indiennejaïnisme
9%

Distribution des résultats

Percentile par nombre de réponses

% des personnes avec chaque résultat

Votre développement - résultats

Vous n’avez pas pris ce quiz